000 00473nam a2200157Ia 4500
008 240729s9999 xx 000 0 und d
022 _a2767-3197
245 0 _aPLOS Sustainability and Transformation
260 _aUnited States
260 _bPublic Library of Science (PLoS)
650 _a Environmental sciences
650 _aGeography. Anthropology. Recreation
856 _uhttps://doaj.org/toc/6198771b333e48eb913a370e49d45c1e
942 _2ddc
942 _cDOAJEJ
999 _c67485
_d67485
945 _a1
_bMadushi Gamage
_c1
_dMadushi Gamage